000 00931nam a2200301Ia 4500
003 OSt
005 20221006143722.0
006 a|||||r|||| 00| 0
007 ta
008 221006b |||||||| |||| 00| 0 eng d
020 _a047208755X
_c
_16.50
020 _a9780472087556
024 _a9,757
037 _cTextual
040 _aEASL
_cEASL
_beng
041 _2eng
_aeng
082 _aX8(A):275.41.N7, M0
100 _aRAWSKI Thomas G.
245 0 _aChina's transition to industrialism
_b Producer goods and economic development in the twentieth century
260 _aAnn Arbor
_bUniversity of Michigan Press
_c1980
300 _a211p.
_ccm.
490 _v CEL
_aMichigan Studies on China
650 _a CEL
650 _a China - Economic conditions
_9577680
650 _aChina - Industries
_9650298
942 _hX8(A):275.41.N7, M0
_cTEXL
_2CC
999 _c1077843
_d1077843